Správne poplatky

Úplné znenie zákona č. 145/1995 Zb. o správnych poplatkoch. Správne poplatky po novele zákona.

Gespeichert in:
Bibliographische Detailangaben
1. Verfasser: Hlinčíková, Andrea
Format: Buchkapitel
Sprache:Slowakisch
Schlagworte:
Tags: Tag hinzufügen
Keine Tags, Fügen Sie das erste Tag hinzu!

MARC

LEADER 00000naa a2200000 4500
001 r042188
005 20230919115816.6
041 0 |a slo 
044 |a SK 
245 1 0 |a Správne poplatky  |c Andrea Hlinčíková 
520 |a Úplné znenie zákona č. 145/1995 Zb. o správnych poplatkoch. Správne poplatky po novele zákona. 
610 2 0 |a poplatky správne 
610 2 0 |a správa štátna 
610 2 0 |a sadzby daňové 
610 2 0 |a zákony 
610 2 0 |a Slovensko 
100 1 |a Hlinčíková, Andrea